| 000 | 00435nam a2200157Ia 4500 | ||
|---|---|---|---|
| 001 | 2979 | ||
| 008 | 241024s9999 xx 000 0 und d | ||
| 020 | _a978-9945-8859-0-3 | ||
| 082 | _aRD/370.71/ID19m | ||
| 100 | _aIDEICE | ||
| 245 | 0 | _aModelo de evaluación del desempeño docente basado en competencias en la República Dominicana | |
| 260 |
_bCentenario _c2012 |
||
| 590 | _asi | ||
| 901 | _a9/7/2013 1:54:49 p.m. | ||
| 999 |
_c9231 _d9231 |
||